Dlhopisy s vloženými opciami diplomová práca

Salvato in:
Dettagli Bibliografici
Autore principale: Povodová, Veronika
Ente Autore: Fakulta hospodárskej informatiky EU. Katedra matematiky a aktuárstva
Altri autori: Kaderová, Andrea
Natura: Libro
Lingua:slovacco
Pubblicazione: Bratislava 2015
Tags: Aggiungi Tag
Nessun Tag, puoi essere il primo ad aggiungerne!!

MARC

LEADER 00000nbm a2200000 4500
001 0201583
005 20161212111959.1
041 0 |a slo 
044 |a SK 
245 1 0 |a Dlhopisy s vloženými opciami  |b diplomová práca  |c Veronika Povodová ; školiteľ: Andrea Kaderová 
264 1 |a Bratislava  |c 2015 
300 |a 63 s. 
100 1 |a Povodová, Veronika 
700 1 |a Kaderová, Andrea 
710 2 |a Fakulta hospodárskej informatiky EU. Katedra matematiky a aktuárstva